[Event "Bandarabbas Blitz"]
[Site "Bandarabbas"]
[Date "2016.01.29"]
[Round "7.1"]
[White "Samareh Shahpasand, Farshad"]
[Black "Toufighi, Homayoon"]
[Result "0-1"]
[WhiteElo "2034"]
[BlackElo "2435"]
[PlyCount "52"]
[EventDate "2015.12.31"]
[EventType "swiss (blitz)"]
[EventRounds "9"]
[EventCountry "IRI"]
[SourceTitle "EXT 2024"]
[Source "ChessBase"]
[SourceDate "2023.10.10"]
[SourceVersion "1"]
[SourceVersionDate "2023.10.10"]
[SourceQuality "1"]

1. e4 e6 2. d4 d5 3. Nd2 Nf6 4. e5 Nfd7 5. c3 c5 6. f4 Nc6 7. Ndf3 Qb6 8. g3 f6 9. a3 cxd4 10. cxd4 Be7 11. b4 0-0 12. h4 fxe5 13. fxe5 Ndxe5 14. dxe5 Nxe5 15. Rh2 Ng4 16. Re2 Bd6 17. Rg2 Bxg3+ 18. Ke2 Bd7 19. a4 e5 20. Qxd5+ Be6 21. Qc5 Qd8 22. Rxg3 Rc8 23. Bg5 Qd7 24. Qe7 Qd5 25. Rd1 Qe4+ 26. Kd2 Rc2# 0-1